LEADER 00839nam0 2200253 450 001 000009446 005 20180621105849.0 100 $a20080407d1923----km-y0itay50------ba 101 1 $ceng$aita 102 $aGB 105 $ay-------001yy 200 1 $a<>marina in battaglia$fArthur Hungerford Pollen$gtraduzione dall'inglese del Capitano di Corvetta Luigi Biancheri 210 $aLivorno$cR. Accademia Navale$d1923 215 $a290 p.$cill. ,c. geogr. ripieg. 1$d25 cm 300 $aFAC 610 1 $aGuerra mondiale 1914-1918$aOperazioni navali 676 $a940.45$v19 700 1$aPollen,$bArthur Hungerford$0630818 702 1$aBiancheri,$bLuigi 801 0$aIT$bUNIPARTHENOPE$c20080407$gRICA$2UNIMARC 912 $a000009446 951 $a940.45/101$b7029$cPIST 996 $aMarina in battaglia$91204826 997 $aUNIPARTHENOPE LEADER 00843cam2 22002651 450 001 SOBE00049242 005 20151109144636.0 010 $a8835078180 100 $a20151012d1989 |||||ita|0103 ba 101 $aita 102 $aIT 105 $a F 200 0 $a1: Abaco-Buzzati 210 $aBrescia$cLa scuola$d1989 215 $aXVIII p., 2078 colonne$cill.$d28 cm 461 1$1001E600200025782$12001 $aEnciclopedia pedagogica / diretta da Mauro Laeng$v1 801 0$aIT$bUNISOB$c20151109$gRICA 850 $aUNISOB 852 $aUNISOB$j370|Enc$m67884 912 $aSOBE00049242 940 $aM 102 Monografia moderna SBN 941 $aW 957 $xCons$a370|Enc$b000001$i-1$gCON$d67884$racquisto$tO$1menle$2UNISOB$3UNISOB$420151012130957.0$520151109144636.0$6bethb 996 $a1: Abaco-Buzzati$91724965 997 $aUNISOB